| 000 | 00744nam a2200229Ia 4500 | ||
|---|---|---|---|
| 003 | OSt | ||
| 005 | 20220926021209.0 | ||
| 006 | a|||||r|||| 00| 0 | ||
| 007 | ta | ||
| 008 | 220923b |||||||| |||| 00| 0 eng d | ||
| 037 | _cGeneral Book | ||
| 040 |
_aRTL _cRTL _beng |
||
| 041 |
_2eng _aeng |
||
| 082 | _aV1N45,93:3 (X:5-77)p.N84, M4/UN | ||
| 110 |
_aUnited Nations Conference on trade and development. _922209 |
||
| 245 | 0 |
_aTrade and development board _b Official records |
|
| 260 |
_aNew York _bU.N. _c1986 |
||
| 300 |
_aiv; 78p. _ccm. |
||
| 700 |
_aUnited Nations Conference on trade and development. _922210 |
||
| 942 |
_hV1N45,93:3 (X:5-77)p.N84, M4/UN _cGB _2CC |
||
| 999 |
_c636137 _d636137 |
||